Άλγεβρα και στοιχεία εκ της θεωρίας των συνόλων δια τα λύκεια

Αποθηκεύτηκε σε:
Λεπτομέρειες βιβλιογραφικής εγγραφής
Κύριος συγγραφέας: Πανάκης, Ιωάννης Φ.
Μορφή: Βιβλίο
Γλώσσα:Greek
Δημοσίευση: Αθήναι : Σιδέρης Ι., 1966.
Θέματα:
Ετικέτες: Προσθήκη ετικέτας
Δεν υπάρχουν, Καταχωρήστε ετικέτα πρώτοι!

MARC

LEADER 00000cam a2200000 i 4500
001 1/104854
008 090507s1966 gr ||| gre||
035 |l 10104588 
040 |a GR-My-Ua  |b gre  |e aacr 
041 0 |a gre 
082 0 |a 512   |2 (22) 
100 1 |a Πανάκης, Ιωάννης Φ. 
245 1 0 |a Άλγεβρα και στοιχεία εκ της θεωρίας των συνόλων δια τα λύκεια /   |c υπό Ιωάννου Φ. Πανάκη.  
260 |a Αθήναι :   |b Σιδέρης Ι.,   |c 1966.  
300 |a 2 τ. δεμένοι σε 1 τ. (428, 144 σ.) :   |b σχ. ;   |c 25 εκ. 
501 |a Δεμένο με : Στοιχεία εκ της θεωρίας των συνόλων δια τα Λύκεια / υπό Ιωάννου Φ. Πανάκη, Αθήνα: Ι. Σιδέρη, 1966. --  
650 0 0 |a Algebra  |x Study and teaching (Higher)  |z Greece. 
650 0 0 |a Set theory  |x Study and teaching (Higher) 
740 0 |a Στοιχεία εκ της θεωρίας των συνόλων δια τα Λύκεια  
852 |a INST  |b SAMOS  |c MAG  |e 20090507  |h 512 ΠΑΝ  |p 005300028878  |q 005300028878  |t BK  |y 0 
901 |a BIBL3-2009-2 
909 |a Σ  |b 157778 
970 |a ΣΙΤΖΙΜΗ  |b ΓΙΑΣΕΜΗ  |z 2009/05/07